000 00321nam a22001457a 4500
008 221117b ||||| |||| 00| 0 eng d
020 _a032135690
041 _aeng
080 _2SECOND EDITION
_a51
082 _a51DUG
100 _a20.1
101 _aMATE
245 _aTRIGONOMENTRY
_cDUGOPOLSKI M
942 _2udc
_cBK
999 _c58925
_d58925